[Event "FRA-ch U20"]
[Site "Saint Paul Trois Chateaux"]
[Date "2013.05.05"]
[Round "9"]
[White "Amoura, Yuba"]
[Black "Bensaid, Simon"]
[Result "1-0"]
[WhiteElo "1721"]
[BlackElo "1554"]
[PlyCount "49"]
[EventDate "2013.04.28"]
[EventType "swiss"]
[EventRounds "9"]
[EventCountry "FRA"]
[SourceTitle "CBM 154 Extra"]
[Source "ChessBase"]
[SourceDate "2013.06.25"]
[SourceVersion "2"]
[SourceVersionDate "2013.06.25"]
[SourceQuality "1"]

1. e4 c5 2. Nf3 e6 3. d4 cxd4 4. Nxd4 Nc6 5. Be3 Nf6 6. Nd2 a6 7. Be2 Qc7 8. 0-0 Nxd4 9. Bxd4 e5 10. Be3 Be7 11. f4 Bc5 12. Bxc5 Qxc5+ 13. Kh1 0-0 14. f5 d5 15. Bf3 Qb4 16. Qe1 Qxb2 17. g4 Rd8 18. exd5 Nxd5 19. Ne4 Qb6 20. Rd1 Nf6 21. Qh4 Bd7 22. Rd6 Qb5 23. Nxf6+ gxf6 24. Rfd1 Rac8 25. Qxf6 1-0

[Event "FRA-ch U20"]
[Site "Saint Paul Trois Chateaux"]
[Date "2013.05.04"]
[Round "8"]
[White "Paugam, Thibaut"]
[Black "Amoura, Yuba"]
[Result "0-1"]
[WhiteElo "1595"]
[BlackElo "1721"]
[PlyCount "45"]
[EventDate "2013.04.28"]
[EventType "swiss"]
[EventRounds "9"]
[EventCountry "FRA"]
[SourceTitle "CBM 154 Extra"]
[Source "ChessBase"]
[SourceDate "2013.06.25"]
[SourceVersion "2"]
[SourceVersionDate "2013.06.25"]
[SourceQuality "1"]

1. e4 e5 2. Nc3 Nc6 3. Bc4 Bc5 4. Qg4 g6 5. Qg3 d6 6. d3 Nd4 7. Bb3 Be6 8. Nce2 Nxb3 9. axb3 Nf6 10. Bg5 Nh5 11. Qh4 f6 12. Bh6 Qd7 13. h3 0-0-0 14. g4 g5 15. Bxg5 fxg5 16. Qxh5 Qg7 17. Ng3 Qf6 18. Nf5 h6 19. Qg6 Qxg6 20. Ne7+ Kd7 21. Nxg6 Rhg8 22. Nxe5+ dxe5 23. Ra5 0-1

[Event "FRA-ch U20"]
[Site "Saint Paul Trois Chateaux"]
[Date "2013.04.30"]
[Round "4"]
[White "Flachet, Jade"]
[Black "Amoura, Yuba"]
[Result "0-1"]
[WhiteElo "1450"]
[BlackElo "1721"]
[PlyCount "62"]
[EventDate "2013.04.28"]
[EventType "swiss"]
[EventRounds "9"]
[EventCountry "FRA"]
[SourceTitle "CBM 154 Extra"]
[Source "ChessBase"]
[SourceDate "2013.06.25"]
[SourceVersion "2"]
[SourceVersionDate "2013.06.25"]
[SourceQuality "1"]

1. e4 e5 2. Nf3 Nc6 3. d4 exd4 4. Nxd4 Bc5 5. Be3 Qf6 6. c3 Nge7 7. g3 0-0 8. Bg2 Bb6 9. 0-0 d6 10. Re1 Ne5 11. Nd2 N7c6 12. N2b3 Bg4 13. f3 Bd7 14. Kh1 Nc4 15. Qc1 N6e5 16. Bg5 Qg6 17. Re2 c5 18. Nc2 Nd3 19. Qd1 Ndxb2 20. Qc1 Rfe8 21. Bf4 Bc6 22. Nd2 d5 23. Nxc4 Nxc4 24. e5 d4 25. cxd4 cxd4 26. Na3 d3 27. Re1 Nxa3 28. Qxa3 Rad8 29. Rad1 Qf5 30. Qc3 g5 31. Bd2 Bxf3 0-1